Guia dels centres d'identitat nacional i regional
ISBN:
84-7794-165-3
Descripción Física:
45 p. ; 24 cm
Materias:
Casals regionals -- Guies
MARC
| LEADER | 00000nam a2200000Ia 4500 | ||
|---|---|---|---|
| 001 | 9512 | ||
| 008 | 160829s1991 xx 000 0 cat d | ||
| 020 | |a 84-7794-165-3 | ||
| 080 | |a M-1-290 | ||
| 245 | |a Guia dels centres d'identitat nacional i regional | ||
| 260 | |a Barcelona : |b Diputació de Barcelona, |c 1991 | ||
| 300 | |a 45 p. ; |c 24 cm | ||
| 650 | |a Casals regionals |x Guies |9 31562 | ||
| 710 | 1 | |a Barcelona (Catalunya : Província). |b Diputació |9 52408 | |
| 901 | |a Arxiu | ||
| 942 | |n 1 | ||
| 952 | |0 0 |1 0 |4 0 |6 M1290 |7 1 |9 45670 |a Arxiu |b Arxiu |d 2016-12-01 |l 0 |o M-1-290 |p 9512 |r 2016-12-01 00:00:00 |w 2016-12-01 |y ARXIU | ||
| 999 | |c 49170 |d 49170 | ||